000 00348nam a22001457a 4500
008 230516b ||||| |||| 00| 0 eng d
020 _a0721678688
041 _aeng
080 _211TH EDITION
_a573
082 _a573SAB
100 _a16
101 _aBIOLO
245 _aTEXRBOOK OF SURGERY THE BIOLOGICAL BASIS
_cSABISTON.C.D
942 _2udc
_cBK
999 _c59732
_d59732